|
|
|
|
| LEADER |
02097nam a2200445 a 4500 |
| 001 |
000000032 |
| 005 |
20171023145312.0 |
| 008 |
000313s1753 xo e lat |
| FMT |
|
|
|
| 040 |
|
|
|a SVKKK
|b slo
|c SVKKK
|e AACR2
|
| 041 |
0 |
|
|a lat
|
| 044 |
|
|
|a xo
|c SK
|
| 080 |
|
|
|a 52
|
| 080 |
|
|
|a 535
|
| 100 |
1 |
|
|a Revický, Anton,
|d 1713-1781
|4 aut
|
| 245 |
1 |
0 |
|a Universae Matheseos Brevis Institutio :
|b Theoretico-Practica, Ex Operibus PP. Societatis Jesu Collecta, Complectens Hac Secunda Parte Opticam, Catoptricam, Dioptricam, Astronomiam.
|
| 260 |
|
|
|a Tyrnaviae :
|b Typis Academicis Societatis Jesu,
|c Anno M. DCC. LIII. [=1753]
|
| 300 |
|
|
|a 238 s. A/8-O/8,P/7 [=119] list.
|c 8°. 17x10,5 cm
|
| 500 |
|
|
|a Autor a spoluautor podľa Petrika.
|
| 500 |
|
|
|a Na predtitl. liste "Universae Matheseos Brevis Institutio Theoretico-Practica. Pars Secunda."
|
| 500 |
|
|
|a Vinety ornam., vineta ornam.-fig., vlys ornam., inic. s architek. pozadím v rámčeku na 5 r., verz. vo voľ. priestore na 2 r., tab., kustódy.
|
| 501 |
|
|
|a Prív. 1. k.: REVICKÝ, A. - IVANČIČ, J.: Universae Matheseos Brevis Institutio ... Prima Parte. Tyrnaviae 1752. 8°.
|
| 505 |
2 |
|
|a Konvolút.
|
| 510 |
4 |
|
|a Petrik II/689 [pod Matheseos], III/219 [pod Reviczky, A.], V/224 [pod Ivancics, J.]; Hanakovič III/1360 [pod Universa]; Kolodziejský 362/2439; Pumprla 252/440 [pod Reviczky, A.]; Dokoupil 134/497 [pod Reviczky, A.]; Zelliger 113 [pod Reviczky, A.]; Telgársky-Banská VI/12545; MZK; ÖNB; OSZK; SNK; VKOL.
|
| 653 |
1 |
|
|a astronómia
|
| 653 |
1 |
|
|a dioptrika
|
| 653 |
1 |
|
|a katoptrika
|
| 653 |
1 |
|
|a optika
|
| 653 |
1 |
|
|a prírodné vedy
|
| 653 |
2 |
|
|a učebnice
|
| 700 |
1 |
|
|a Ivančič, Ján,
|d 1722-1784
|4 aut
|
| 710 |
0 |
|
|a Akademická tlačiareň
|c Trnava
|d 1648-1773
|4 prt
|
| 752 |
|
|
|a Slovensko
|d Trnava
|
| 852 |
|
|
|p V 637b prív. 1. PA
|
| 904 |
|
|
|a cf--y----kc------yyyb-1001--
|
| 905 |
|
|
|a fg-a1db-
|5 -------
|
| 910 |
|
|
|a svkkk
|
| 998 |
|
|
|a TRNTL
|
| BAS |
|
|
|
| LKR |
|
|
|a UP
|b 31
|l HIS01
|n Universae Matheseos Brevis Institutio. Pars Prima
|m Universae Matheseos Brevis Institutio. Pars Secunda
|